[Event "7eme open pâques Blagny"]
[Site "Blagny"]
[Date "????.??.??"]
[Round "2.5"]
[White "Hurreau, Jean Francois"]
[Black "Louis, Andre"]
[Result "0-1"]
[WhiteElo "1388"]
[BlackElo "1678"]
[PlyCount "109"]

1. d4 Nf6 2. c4 e6 3. Nc3 d5 4. e3 c6 5. Bd2 a6 6. a4 a5 7. Nf3 Nbd7 8. cxd5
exd5 9. Bd3 Bd6 10. O-O O-O 11. Re1 Re8 12. e4 dxe4 13. Nxe4 Nxe4 14. Rxe4 Rxe4
15. Bxe4 Nf6 16. Qc2 Nxe4 17. Qxe4 f5 18. Qc2 Bd7 19. Qc4+ Kh8 20. Ng5 Be8 21.
Nf7+ Bxf7 22. Qxf7 Qc7 23. Qxc7 Bxc7 24. Re1 Bb6 25. Bc3 Kg8 26. Re7 Rd8 27. g3
Bxd4 28. Bxd4 Rxd4 29. Rxb7 Rxa4 30. Rc7 Rc4 31. Kf1 a4 32. Ra7 c5 33. Ra8+ Kf7
34. Ra7+ Kf6 35. f4 h5 36. Ra6+ Kf7 37. Ra7+ Kg8 38. Re7 Rc2 39. Re2 Rc4 40.
Re5 g6 41. Re2 Kf7 42. Ke1 Rd4 43. Re3 Re4 44. Kd2 Rxe3 45. Kxe3 Ke6 46. Kd3
Kd5 47. Kc3 Kd6 48. Kc4 Kc6 49. h3 Kb6 50. h4 Kc6 51. Kc3 Kd5 52. Kd3 c4+ 53.
Kc3 Kc5 54. Kc2 Kb4 55. Kb1 0-1

[Event "7eme open pâques Blagny"]
[Site "Blagny"]
[Date "????.??.??"]
[Round "2.6"]
[White "Regnier, Cedric"]
[Black "Louis, Vincent"]
[Result "1-0"]
[WhiteElo "1587"]
[BlackElo "1391"]
[PlyCount "37"]

1. d4 g6 2. c4 Nf6 3. Nc3 Bg7 4. e4 d6 5. f3 O-O 6. Be3 Kh8 7. Nge2 Be6 8. d5
Bc8 9. Qd2 Ng8 10. h4 e5 11. g4 f5 12. gxf5 gxf5 13. exf5 Bxf5 14. O-O-O Qf6
15. Ng3 Qf7 16. Be2 Bg6 17. h5 Nd7 18. hxg6 Qxg6 19. Rdg1 1-0

[Event "7eme open pâques Blagny"]
[Site "Blagny"]
[Date "????.??.??"]
[Round "2.7"]
[White "Raguet, Boris"]
[Black "Pierquin, Jean-Bernard"]
[Result "1-0"]
[WhiteElo "1550"]
[BlackElo "1240"]
[PlyCount "71"]

1. e4 d5 2. exd5 Nf6 3. Nc3 Nxd5 4. Nxd5 Qxd5 5. Nf3 Qe4+ 6. Be2 Bg4 7. O-O Nc6
8. Re1 Qg6 9. Nh4 Qf6 10. Bxg4 Qxh4 11. Re4 Qf6 12. d4 Rd8 13. c3 e5 14. f4 Bc5
15. Kh1 Bd6 16. Qe2 Nxd4 17. cxd4 Qg6 18. f5 Qf6 19. dxe5 Bxe5 20. Rxe5+ Kf8
21. b3 Qa6 22. Qxa6 bxa6 23. Ba3+ Kg8 24. Rae1 g6 25. f6 h5 26. Re8+ Kh7 27.
Rxh8+ Kxh8 28. Rd1 Re8 29. Bf3 Re6 30. Be7 Kh7 31. h3 Re5 32. Bf8 Re8 33. Bg7
Re5 34. Rd8 g5 35. Bxh5 g4 36. Rh8# 1-0

[Event "7eme open pâques Blagny"]
[Site "Blagny"]
[Date "????.??.??"]
[Round "1.1"]
[White "Halfaoui, Eddine"]
[Black "Raguet, Boris"]
[Result "1-0"]
[WhiteElo "2006"]
[BlackElo "1550"]
[PlyCount "93"]

1. d4 Nf6 2. g3 g6 3. Bg2 d5 4. c4 Bg7 5. Nf3 c6 6. Nc3 Nbd7 7. O-O Nb6 8. c5
Nbd7 9. b4 O-O 10. Qc2 Re8 11. Ne5 Nxe5 12. dxe5 Ng4 13. f4 f5 14. h3 Nh6 15.
e3 Nf7 16. Bb2 e6 17. Ne2 g5 18. Nd4 Bh6 19. a4 Kh8 20. Ra3 Rg8 21. Kh2 gxf4
22. exf4 Rg7 23. Qe2 Bd7 24. Re3 Qe7 25. Nxf5 Qf8 26. Nxg7 Qxg7 27. Rd3 Rg8 28.
Qf2 Be8 29. Rb3 Nd8 30. b5 Bg6 31. bxc6 Nxc6 32. Bxd5 Bf5 33. Bxc6 bxc6 34. Rd1
Bxh3 35. f5 Bxf5 36. Qxf5 exf5 37. e6 Qxb2+ 38. Rxb2 f4 39. gxf4 Bxf4+ 40. Kh1
Re8 41. Re2 Bg5 42. Rd6 h5 43. Rxc6 h4 44. Rc7 Bf4 45. Rd7 h3 46. e7 Kh7 47.
Rd8 1-0

[Event "7eme open pâques Blagny"]
[Site "Blagny"]
[Date "????.??.??"]
[Round "1.2"]
[White "Louis, Vincent"]
[Black "Durant, Christophe"]
[Result "0-1"]
[WhiteElo "1391"]
[BlackElo "1964"]
[PlyCount "68"]

1. e4 d6 2. d4 Nf6 3. Nc3 g6 4. Nf3 Bg7 5. h3 c6 6. Bd3 O-O 7. O-O Nfd7 8. Bf4
Qc7 9. Qd2 e5 10. Bh6 exd4 11. Bxg7 Kxg7 12. Nxd4 Ne5 13. Be2 b5 14. b3 f6 15.
a3 a6 16. Qe3 Re8 17. Qg3 Ra7 18. f4 Nf7 19. f5 d5 20. Qxc7 Rxc7 21. exd5 cxd5
22. fxg6 Rxc3 23. gxf7 Rf8 24. Bh5 Nc6 25. Nxc6 Rxc6 26. Rac1 Be6 27. Rf2 Bxf7
28. Bxf7 Rxf7 29. Rd2 Rd7 30. Kf2 Kf7 31. g4 Kg6 32. h4 Rc3 33. Rd3 Rdc7 34.
Rxd5 Rxc2+ 0-1

[Event "7eme open pâques Blagny"]
[Site "Blagny"]
[Date "????.??.??"]
[Round "1.3"]
[White "Salentiny, Eric"]
[Black "Hurreau, Jean Francois"]
[Result "1-0"]
[WhiteElo "1956"]
[BlackElo "1388"]
[PlyCount "41"]

1. f4 d5 2. Nf3 Nc6 3. b3 Nf6 4. e3 a6 5. Bb2 e6 6. Nc3 Bd6 7. Ne2 O-O 8. Ng3
Re8 9. Ne5 Bxe5 10. fxe5 Nd7 11. d4 Qh4 12. Bd3 Nb4 13. O-O Nxd3 14. Qxd3 Qg5
15. c4 c6 16. e4 Qg6 17. Qe2 b6 18. Rf4 a5 19. Rg4 Qxg4 20. Qxg4 f6 21. Nh5 1-0

[Event "7eme open pâques Blagny"]
[Site "Blagny"]
[Date "????.??.??"]
[Round "1.4"]
[White "Pierquin, Adrien"]
[Black "Hanot, Wilfried"]
[Result "1-0"]
[WhiteElo "1368"]
[BlackElo "1792"]
[PlyCount "151"]

1. Nf3 Nf6 2. d4 g6 3. Bf4 c6 4. e3 d5 5. h3 Nbd7 6. Bd3 Bg7 7. Nbd2 O-O 8. O-O
b5 9. b4 a5 10. c3 a4 11. Re1 Nh5 12. Bh2 f5 13. Ng5 Nb6 14. Be2 Nf6 15. f4 h6
16. Ngf3 Ne4 17. Nxe4 dxe4 18. Nh4 Kh7 19. g4 e6 20. Bg3 Bf6 21. Ng2 Rg8 22.
Qc2 Qd5 23. Qd1 Ra7 24. Bh4 Bxh4 25. Nxh4 g5 26. Ng2 Rag7 27. Qc2 Kg6 28. Kh1
Kf7 29. gxf5 exf5 30. Bh5+ Kf8 31. Rg1 Qd8 (31... g4 32. h4 (32. hxg4 fxg4 33.
f5 Bxf5)) 32. Qf2 Nd5 33. Rac1 Nf6 34. Be2 g4 35. hxg4 Nxg4 36. Bxg4 Rxg4 37.
Kh2 Qe8 38. Kh3 Qg6 (38... Rxg2 39. Rxg2 Qh5+ 40. Qh4 Qxh4+ 41. Kxh4 Rxg2) 39.
Nh4 Qf7 40. Rxg4 Rxg4 41. Rg1 h5 42. Rxg4 hxg4+ 43. Kg3 a3 44. Qd2 Kg7 45. Qc2
Kf6 46. Ng2 Qc4 47. Ne1 Qf1 48. Qd2 Qh3+ 49. Kf2 Be6 (49... Qh2+ 50. Ng2 g3+
51. Kf1 Qh1+) 50. Kg1 Bc4 51. Nc2 g3 (51... Qf1+ {Mat en 12 coups} 52. Kh2 Be2
53. Ne1 Qf2+ 54. Ng2 g3+ 55. Kh3) 52. Qg2 Qg4 53. Ne1 Qg8 54. Nc2 Bxa2 55. Nxa3
Bd5 56. Qh3 Qg7 57. Kg2 Bb3 58. Qxg3 Qxg3+ 59. Kxg3 Bd1 60. Kf2 Ke6 61. c4 bxc4
62. Nxc4 Bb3 63. Na5 Bd5 64. Ke2 Kd7 65. Kd2 Kc7 66. Kc3 Be6 67. Nc4 Kb7 68.
Na3 Kb6 69. Nc4+ Kb7 70. Nd6+ Kc7 71. Ne8+ Kd8 72. Ng7 Bc8 73. Kc4 Ke7 74. Kc5
Bd7 75. d5 cxd5 76. Kxd5 1-0

[Event "7eme open pâques Blagny"]
[Site "Blagny"]
[Date "????.??.??"]
[Round "1.5"]
[White "Louis, Andre"]
[Black "Belguiral, Baptiste"]
[Result "0-1"]
[WhiteElo "1678"]
[BlackElo "1270"]
[PlyCount "114"]

1. e4 e5 2. Nf3 Nc6 3. Bb5 Nf6 4. O-O Bc5 5. Nc3 O-O 6. d3 a6 7. Bxc6 dxc6 8.
Bg5 Qd6 9. h3 Ne8 10. Kh1 f6 11. Be3 Bxe3 12. fxe3 b5 13. Qe1 Be6 14. a3 a5 15.
d4 a4 16. Rd1 Bc4 17. Rf2 Qe7 18. Rfd2 Rd8 19. d5 cxd5 20. exd5 Nd6 21. e4 f5
22. exf5 Rxf5 23. Rf2 Rdf8 24. Rdd2 e4 25. Qe3 R5f7 26. Nd4 Qh4 27. Rxf7 Rxf7
28. Ne6 Nf5 29. Qg5 Ng3+ 30. Kh2 Qxg5 31. Nxg5 Nf1+ 32. Kg1 Nxd2 33. Nxf7 Kxf7
34. Kf2 Kf6 35. Ke3 Nf1+ 36. Kxe4 Ng3+ 37. Kd4 Ne2+ 38. Kc5 Nxc3 39. bxc3 Ke5
40. Kc6 Bxd5+ 41. Kxc7 Bxg2 42. h4 Be4 43. Kb6 Bxc2 44. Kxb5 h6 45. c4 g5 46.
hxg5 hxg5 47. c5 Be4 48. Kxa4 g4 49. Kb5 g3 50. c6 Bxc6+ 51. Kxc6 g2 52. a4
g1=Q 53. a5 Qg2+ 54. Kc7 Qd5 55. a6 Qd6+ 56. Kb7 Qd7+ 57. Kb6 Qd6+ 0-1

[Event "7eme open pâques Blagny"]
[Site "Blagny"]
[Date "????.??.??"]
[Round "1.6"]
[White "Ghezzali, Leana"]
[Black "Regnier, Cedric"]
[Result "1-0"]
[WhiteElo "1260"]
[BlackElo "1587"]
[PlyCount "63"]

1. d4 Nf6 2. c4 e6 3. Nf3 Bb4+ 4. Bd2 Qe7 5. a3 Bxd2+ 6. Nbxd2 O-O 7. g3 d6 8.
Bg2 Nc6 9. O-O Bd7 10. b4 Qd8 11. Nb3 Qc8 12. Rc1 e5 13. c5 Bh3 14. cxd6 exd4
15. dxc7 Bxg2 16. Kxg2 Qg4 17. Nbxd4 Nxd4 18. Qxd4 Qe6 19. Qd3 Rfc8 20. Rfd1
Qe8 21. b5 b6 22. a4 Ne4 23. Qe3 f5 24. Rc6 Qe7 25. Nd4 g6 26. f3 Rxc7 27. Rxc7
Qxc7 28. fxe4 Qb7 29. Qb3+ Kh8 30. Qd5 Qxd5 31. exd5 Rc8 32. Nc6 1-0

[Event "7eme open pâques Blagny"]
[Site "Blagny"]
[Date "????.??.??"]
[Round "1.7"]
[White "Marini, Franck"]
[Black "Pierquin, Jean-Bernard"]
[Result "1-0"]
[WhiteElo "1573"]
[BlackElo "1240"]
[PlyCount "65"]

1. d4 Nf6 2. c4 c5 3. d5 e6 4. Nc3 exd5 5. cxd5 d6 6. e4 Be7 7. Nf3 Nbd7 8. Bd3
h6 9. O-O O-O 10. h3 Qc7 11. b3 a6 12. Bb2 b5 13. Rc1 Bb7 14. Ne2 Rfe8 15. Ng3
Bd8 16. Re1 Nh7 17. Bb1 Ng5 18. Qd3 Ne5 19. Nxe5 dxe5 20. f3 Qb6 21. Kh1 Qg6
22. Nf5 Qb6 23. Qe3 g6 24. Nxh6+ Kh7 25. Ng4 Qd6 26. h4 Nh3 27. gxh3 Bxh4 28.
Qh6+ Kg8 29. Qxh4 Bc8 30. Nf6+ Kf8 31. Nxe8 Kxe8 32. Qh8+ Ke7 33. Qxe5+ 1-0